| 000 | 00946nam a22003017a 4500 | ||
|---|---|---|---|
| 001 | 5300 | ||
| 003 | FISKH | ||
| 005 | 20241125114042.0 | ||
| 008 | 241125b cb ||||| |||| 00| 0 eng d | ||
| 020 | _a9780545214094 | ||
| 040 |
_aFISKH _beng _cFISKH _dFISKH |
||
| 050 | _aPZ7.G293317 | ||
| 082 | _a813.6 | ||
| 100 | _aGeorge, Jessica Day | ||
| 245 |
_aDragon Slippers / _cby Jessica Day George |
||
| 250 | _aFirst Scholatic printing , October 2009 | ||
| 260 |
_aNew York : _bScholastic ; _c2007 . |
||
| 300 |
_a324 pages : _billustrations ; _c20 cm . |
||
| 490 |
_a Dragon Slippers _vBook 1 |
||
| 505 | _aU | ||
| 520 | _aOrphaned after a fever epidemic, Creel befriends a dragon and unknowingly inherits an object that can either save or destroy her kingdom. | ||
| 521 | 8 |
_a850
_bLexile |
|
| 521 | 8 |
_aU
_bRaz-Plus |
|
| 650 |
_adragons _vFiction |
||
| 650 |
_aFantasy _vFiction |
||
| 942 |
_2ddc _cBK _n0 |
||
| 999 |
_c5300 _d5300 |
||